000 01138nam a2200301 4500
001 1759998
003 OSt
005 20240125113348.0
008 710809s1970 ii b b 001 0 eng
010 _a 75920179
020 _a9789352534340
040 _aDLC
_cDLC
_dDLC
043 _aa-ii---
050 0 0 _aDS463
_b.G78 1970
082 _a954
_bGRO/N
100 _aGrover, B L
_92648
245 1 2 _aA new look at modern Indian history:
_bfrom 1707 to the modern times
_c[by] B. L. Grover, Alka Mehta.
250 _a[32nd ed.]
260 _aDelhi,
_bS. Chand,
_c2019.
300 _a580 p.
_bmaps.
_c22 cm.
350 _aRs15.00
500 _aFirst ed., 1963, has title: Studies in modern Indian history; from 1707 to the present day.
500 _aAppendices (p. 477-490):--A. Karl Marx on the British rule in India.--B. Karl Marx on the future results of the British rule in India.--C. Karl Marx on the Indian revolt.
504 _aIncludes bibliographical references.
651 0 _aIndia
_xHistory.
906 _a7
_bcbc
_corignew
_d4
_encip
_f19
_gy-gencatlg
942 _2ddc
_cBK
_h954
_iGRO/N
_k954
_mGRO/N
999 _c43812
_d43812